000 00195nam a2200085Ia 4500
008 250605s9999 xx 000 0 und d
041 _aeng
100 _aNaitik Bhatia
245 _aDabur India Limited
999 _c46274
_d46274